| 000 | 00852nam a2200253 a 4500 | ||
|---|---|---|---|
| 005 | 20220926114115.0 | ||
| 008 | 190813s1996 mx r 000 0 spa d | ||
| 020 | _a9683806007 | ||
| 035 | _aUPN01000231987 | ||
| 040 |
_aMX-MxUPN _bspa _cMX-MxUPN |
||
| 050 | 4 |
_aHF5415.5 _bS26 1996 |
|
| 100 | 1 |
_aSanders, Betsy _946760 |
|
| 240 | 1 | 0 |
_aFabled service: ordinary acts, extraordinary outcomes. _lEspañol |
| 245 | 1 | 0 |
_aServicio fabuloso : _bacciones comunes, resultados extraordinarios |
| 250 | _aPrimera edición, primera reimpresión (1997) | ||
| 260 |
_aMéxico, D.F. : _bPanorama, _c1996. |
||
| 300 |
_a167 páginas : _bilustraciones |
||
| 650 | 0 |
_946377 _aAtención al cliente _xGestión |
|
| 650 | 0 |
_946378 _aMotivación de empleados |
|
| 902 | _aNoemí Acosta Fuentes | ||
| 905 | _aLibro | ||
| 942 |
_n0 _cLIBRO _2lcc |
||
| 999 |
_c204082 _d204082 |
||